Island : (Record no. 879)

MARC details
000 -LEADER
fixed length control field 01004cam a2200265 a 4500
005 - DATE AND TIME OF LATEST TRANSACTION
control field 20230908135851.0
020 ## - INTERNATIONAL STANDARD BOOK NUMBER
International Standard Book Number 9780545627504
040 ## - CATALOGING SOURCE
Original cataloging agency DLC
Transcribing agency DLC
Modifying agency DLC
Language of cataloging eng
050 00 - LIBRARY OF CONGRESS CALL NUMBER
Classification number QH198.G3
Item number C44 2012
082 00 - DEWEY DECIMAL CLASSIFICATION NUMBER
Classification number 508.866
Edition number 23
100 1# - MAIN ENTRY--PERSONAL NAME
Personal name Chin, Jason,
Dates associated with a name 1978-
245 10 - TITLE STATEMENT
Title Island :
Remainder of title a story of the Galápagos /
Statement of responsibility, etc. Jason Chin.
250 ## - EDITION STATEMENT
Edition statement 1st ed.
260 ## - PUBLICATION, DISTRIBUTION, ETC.
Place of publication, distribution, etc. New York :
Name of publisher, distributor, etc. Scholastic
Date of publication, distribution, etc. 2012.
300 ## - PHYSICAL DESCRIPTION
Extent 24 unnumbered pages
Other physical details color illustrations, maps ;
Dimensions 29 cm
500 ## - GENERAL NOTE
General note "A Neal Porter book."
505 ## - FORMATTED CONTENTS NOTE
Formatted contents note X <br/>
520 ## - SUMMARY, ETC.
Summary, etc. An island is about to be born- one that in time will become the home of plants and animals that exist nowhere else on Earth. This book is the biography of a Galápagos island- from birth, through adolescence, to adulthood, and beyond.
521 ## - TARGET AUDIENCE NOTE
Target audience note 900 <br/>
Source Lexile <br/>
521 ## - TARGET AUDIENCE NOTE
Target audience note X <br/>
Source Raz-Plus <br/>
650 #0 - SUBJECT ADDED ENTRY--TOPICAL TERM
Topical term or geographic name entry element Natural history
Geographic subdivision Galapagos Islands
Form subdivision Juvenile literature.
906 ## - LOCAL DATA ELEMENT F, LDF (RLIN)
a 7
b cbc
c orignew
d 1
e ecip
f 20
g y-gencatlg
942 ## - ADDED ENTRY ELEMENTS (KOHA)
Source of classification or shelving scheme Dewey Decimal Classification
Koha item type Books
Suppress in OPAC No
999 ## -
-- 879
-- 879
Holdings
Withdrawn status Lost status Source of classification or shelving scheme Damaged status Not for loan Collection Home library Current library Shelving location Date acquired Total Checkouts Full call number Barcode Date last seen Price effective from Koha item type
    Dewey Decimal Classification     Juvenile Fiction Footprints International School Library Network Toul Kork Campus Footprints International School Library Network Toul Kork Campus TTP Secondary Fiction Bookshelves 07/13/2023   CHI 508.866 QH198.G3 FISSE01277 07/13/2023 07/13/2023 Books